000 00296nam a2200133Ia 4500
008 231129s1989||||xx |||||||||||||| ||spa||
040 _bspa
082 _aCo861.44 / H493p
100 _aHenao Raul
245 0 _aEl partido del diablo
260 _c1989
264 _aLealon
942 _2ddc
_cBKS
999 _c12002
_d12002